[Event "II. CLANSKA LIGA ZAHOD 2019"]
[Site "Komenda"]
[Date "2019.11.17"]
[Round "5.3"]
[White "Pucelj, Joze"]
[Black "Pretnar, Bostjan"]
[Result "0-1"]
[WhiteElo "2079"]
[BlackElo "1768"]
[PlyCount "114"]
[EventDate "2019.11.17"]
[WhiteTeam "SK DOLENJSKE TOPLICE"]
[BlackTeam "SD RADOVLJICA"]

1. e4 Nf6 2. e5 Nd5 3. d4 d6 4. c4 Nb6 5. exd6 cxd6 6. Nc3 g6 7. Be3 Bg7 8. Nf3
O-O 9. Be2 Nc6 10. Qd2 Bg4 11. b3 Nd7 12. h3 Bxf3 13. Bxf3 e5 14. Bxc6 bxc6 15.
dxe5 Nxe5 16. Rd1 Qa5 17. Bd4 Rad8 18. O-O Rfe8 19. f4 c5 20. Bxe5 dxe5 21. Nd5
Qxd2 22. Rxd2 exf4 23. Rxf4 Kf8 24. Rf3 Re1+ 25. Kh2 Bd4 26. Kg3 Kg7 27. Nf4
Rde8 28. Nd3 R8e2 29. Rxe2 Rxe2 30. a4 f5 31. h4 a5 32. h5 Kf6 33. hxg6 hxg6
34. Nf4 Be5 35. Kh3 Bxf4 36. Rxf4 g5 37. Rf1 Re3+ 38. Kh2 Rxb3 39. Rd1 Rb4 40.
Rd6+ Kf7 41. Rd5 Rxc4 42. Rxf5+ Kg6 43. Rd5 Kh5 44. Kh3 Rc3+ 45. g3 Rc4 46. Re5
Kg6 47. g4 Rxa4 48. Rxc5 Ra1 49. Kg3 a4 50. Ra5 a3 51. Kf2 a2 52. Kg2 Kf6 53.
Kh2 Ke6 54. Kg2 Kd6 55. Kh2 Kc6 56. Kg2 Kb6 57. Rxg5 Rb1 0-1

[Event "II. CLANSKA LIGA ZAHOD 2019"]
[Site "Komenda"]
[Date "2019.11.17"]
[Round "5.4"]
[White "Simnic, Franci"]
[Black "Janko, Roman"]
[Result "1-0"]
[WhiteElo "1664"]
[BlackElo "1859"]
[PlyCount "69"]
[EventDate "2019.11.17"]
[WhiteTeam "SD RADOVLJICA"]
[BlackTeam "SK DOLENJSKE TOPLICE"]

1. e4 e5 2. Nf3 Nc6 3. Bc4 Bc5 4. d3 Qe7 5. c3 d6 6. O-O Bg4 7. Be3 Qf6 8. Nbd2
Nge7 9. b4 Bxe3 10. fxe3 Qh6 11. Bxf7+ Kd7 12. Qe2 Raf8 13. Bd5 Nd8 14. Nxe5+
dxe5 15. Qxg4+ Ke8 16. Qg3 c6 17. Bb3 Rxf1+ 18. Rxf1 Rf8 19. Rxf8+ Kxf8 20. Nc4
Ng6 21. h3 Ke7 22. Nxe5 Qh5 23. Nxg6+ hxg6 24. Qf3 b6 25. Qxh5 gxh5 26. Kf2 Nb7
27. e5 c5 28. Bd5 Nd8 29. Kf3 g5 30. Ke4 Ne6 31. Bxe6 Kxe6 32. d4 c4 33. d5+
Kd7 34. a4 a6 35. Kf5 1-0

[Event "II. CLANSKA LIGA ZAHOD 2019"]
[Site "Komenda"]
[Date "2019.11.17"]
[Round "5.5"]
[White "Turkovic, Igor"]
[Black "Krivec, Metod"]
[Result "0-1"]
[WhiteElo "1789"]
[BlackElo "1759"]
[PlyCount "68"]
[EventDate "2019.11.17"]
[WhiteTeam "SK DOLENJSKE TOPLICE"]
[BlackTeam "SD RADOVLJICA"]

1. d4 g6 2. c4 Bg7 3. Nc3 d6 4. e4 e5 5. d5 Ne7 6. Bd3 O-O 7. Nge2 Nd7 8. Be3
a6 9. f3 f5 10. exf5 gxf5 11. Bg5 Nf6 12. Qd2 Bd7 13. Bh6 Bxh6 14. Qxh6 Qe8 15.
O-O-O Qh5 16. Qd2 b5 17. cxb5 axb5 18. Bxb5 Bxb5 19. Nxb5 Rxa2 20. Nbc3 Ra5 21.
h3 Qf7 22. f4 Nexd5 23. fxe5 dxe5 24. Ng3 Ra1+ 25. Nb1 f4 26. Ne2 Ne3 27. Rdg1
Ne4 28. Qb4 Qf5 29. g4 Qg6 30. Rh2 c5 31. Qb7 Nd6 32. Qb3+ c4 33. Nec3 Qxb1+
34. Kd2 Ne4+ 0-1

[Event "II. CLANSKA LIGA ZAHOD 2019"]
[Site "Komenda"]
[Date "2019.11.17"]
[Round "5.6"]
[White "Torkar, Boris"]
[Black "Gorse, Damjan"]
[Result "1-0"]
[WhiteElo "1777"]
[BlackElo "1767"]
[PlyCount "126"]
[EventDate "2019.11.17"]
[WhiteTeam "SD RADOVLJICA"]
[BlackTeam "SK DOLENJSKE TOPLICE"]

1. d4 Nf6 2. c4 g6 3. Nc3 Bg7 4. Bf4 d6 5. e3 O-O 6. Nf3 Nh5 7. Bg5 h6 8. Bh4
c6 9. Be2 Nf6 10. Bg3 Nbd7 11. O-O Ne8 12. Qb3 Qb6 13. Qxb6 Nxb6 14. Rac1 Nd7
15. Rfd1 f5 16. b4 e5 17. dxe5 dxe5 18. h3 Rf7 19. c5 Re7 20. Bc4+ Kh7 21. Bh4
g5 22. Bg3 b6 23. b5 cxb5 24. Nd5 Re6 25. Nxb6 Rxb6 26. cxb6 bxc4 27. b7 Bxb7
28. Rxd7 Bxf3 29. gxf3 f4 30. exf4 exf4 31. Bxf4 gxf4 32. Rxc4 Nf6 33. Rb7 Kg6
34. Rcc7 Ne8 35. Rc6+ Bf6 36. Ra6 Ng7 37. Raxa7 Rxa7 38. Rxa7 Nf5 39. Ra3 Nd4
40. Rd3 Ne2+ 41. Kg2 Nc3 42. a3 Kg5 43. Rd6 Kf5 44. Ra6 Ke5 45. Ra5+ Kd4 46.
Rf5 Be5 47. Rf7 Kc4 48. Rh7 Kb3 49. Rxh6 Kxa3 50. h4 Kb4 51. Re6 Bd4 52. h5 Nd5
53. h6 Nf6 54. Re7 Kc5 55. h7 Nxh7 56. Rxh7 Kd6 57. Kf1 Ke5 58. Ke2 Kf6 59. Rh5
Ba7 60. Rh2 Ke5 61. Kd3 Kd5 62. Rh5+ Ke6 63. Ke4 Be3 1-0

[Event "II. CLANSKA LIGA ZAHOD 2019"]
[Site "Komenda"]
[Date "2019.11.17"]
[Round "5.1"]
[White "Okorn, Nejc"]
[Black "Rodman, Franc"]
[Result "1-0"]
[WhiteElo "1835"]
[BlackElo "2052"]
[PlyCount "59"]
[EventDate "2019.11.17"]
[WhiteTeam "SD VRHNIKA"]
[BlackTeam "SD SIJ ACRONI JESENICE"]

1. e4 e5 2. Nf3 Nc6 3. Bc4 Nf6 4. Ng5 d5 5. exd5 Na5 6. Bb5+ c6 7. dxc6 bxc6 8.
Be2 h6 9. Nf3 e4 10. Ne5 Bc5 11. O-O O-O 12. c3 Qc7 13. Ng4 Nxg4 14. Bxg4 Bd6
15. Bxc8 Raxc8 16. d4 exd3 17. Qxd3 Bxh2+ 18. Kh1 Rcd8 19. Qh3 Bf4 20. Na3 Bxc1
21. Raxc1 Qf4 22. Qe3 Qh4+ 23. Kg1 Rfe8 24. Qxa7 Rd5 25. Rfe1 Rxe1+ 26. Rxe1
Rh5 27. Re8+ Kh7 28. Kf1 Nc4 29. Qxf7 Nd6 30. Qg8+ 1-0

[Event "II. CLANSKA LIGA ZAHOD 2019"]
[Site "Komenda"]
[Date "2019.11.17"]
[Round "5.2"]
[White "Pazlar, Marko"]
[Black "Siraj, Svit"]
[Result "1-0"]
[WhiteElo "2028"]
[BlackElo "1724"]
[PlyCount "61"]
[EventDate "2019.11.17"]
[WhiteTeam "SD SIJ ACRONI JESENICE"]
[BlackTeam "SD VRHNIKA"]

1. Nf3 d5 2. d4 c5 3. g3 Bf5 4. Bg2 e6 5. O-O Nf6 6. c4 Be7 7. Nc3 O-O 8. cxd5
Nxd5 9. Nxd5 exd5 10. dxc5 Bxc5 11. Nd4 Be6 12. b3 Nc6 13. Bb2 Qb6 14. e3 Rac8
15. Nxe6 fxe6 16. Qg4 d4 17. Bxc6 bxc6 18. exd4 Bb4 19. d5 Rc7 20. Bd4 c5 21.
Be5 Re7 22. d6 Ref7 23. Qxe6 Kh8 24. Qc4 Ba3 25. f4 Qc6 26. Rad1 Rd7 27. h4 Qc8
28. h5 Qd8 29. h6 Rff7 30. Rfe1 Bb4 31. Re2 1-0

[Event "II. CLANSKA LIGA ZAHOD 2019"]
[Site "Komenda"]
[Date "2019.11.17"]
[Round "5.3"]
[White "Novak, Robert"]
[Black "Pavlin, Ivan"]
[Result "1-0"]
[WhiteElo "1698"]
[BlackElo "1858"]
[PlyCount "75"]
[EventDate "2019.11.17"]
[WhiteTeam "SD VRHNIKA"]
[BlackTeam "SD SIJ ACRONI JESENICE"]

1. d4 d5 2. c4 e6 3. Nc3 Nf6 4. Bg5 Be7 5. e3 O-O 6. Nf3 b6 7. cxd5 Nxd5 8.
Bxe7 Nxe7 9. Bd3 Bb7 10. O-O Ng6 11. Qc2 Nd7 12. Rac1 c5 13. Ne4 Bd5 14. Bc4
Bxe4 15. Qxe4 Nf6 16. Qc2 cxd4 17. Nxd4 Ne7 18. Rfd1 Qc7 19. Nxe6 Qe5 20. Nxf8
Rxf8 21. Qb3 Ng6 22. Rd4 Ne4 23. Rcd1 Nc5 24. Qc2 Qg5 25. Rd5 Qg4 26. Be2 Qe6
27. Rd8 Qe7 28. Rxf8+ Nxf8 29. Rd5 g6 30. h3 Qf6 31. b4 Nce6 32. Bg4 h5 33.
Bxe6 Nxe6 34. a4 Qa1+ 35. Kh2 Qf6 36. a5 g5 37. Qf5 Qc3 38. Rd7 1-0

[Event "II. CLANSKA LIGA ZAHOD 2019"]
[Site "Komenda"]
[Date "2019.11.17"]
[Round "5.4"]
[White "Ravnik, Franc"]
[Black "Vodnik, Val"]
[Result "1-0"]
[WhiteElo "1871"]
[BlackElo "1158"]
[PlyCount "99"]
[EventDate "2019.11.17"]
[WhiteTeam "SD SIJ ACRONI JESENICE"]
[BlackTeam "SD VRHNIKA"]

1. e4 e5 2. Nf3 Nc6 3. Bc4 Bc5 4. O-O Nf6 5. d3 h6 6. c3 d6 7. h3 g5 8. d4 exd4
9. cxd4 Bb6 10. Nc3 g4 11. hxg4 Bxg4 12. d5 Ne5 13. Be2 Bxf3 14. Bxf3 Rg8 15.
Be3 Bxe3 16. fxe3 Qd7 17. Kf2 Nfg4+ 18. Ke2 Nc4 19. Qb3 Ngxe3 20. Rg1 O-O-O 21.
Nb5 a6 22. Na7+ Kb8 23. Nc6+ Ka8 24. Nxd8 Qxd8 25. Rac1 b5 26. Rc3 Qg5 27. Rxe3
Nxe3 28. Qxe3 Qxe3+ 29. Kxe3 Kb7 30. Rc1 Re8 31. Kd4 Re5 32. Rh1 h5 33. Rxh5
Rxh5 34. Bxh5 f6 35. Be8 a5 36. Bxb5 Kb6 37. a4 Kb7 38. Kc4 Kb6 39. b4 axb4 40.
Kxb4 Ka7 41. a5 Kb7 42. Bd7 Ka6 43. Bc8+ Ka7 44. Kb5 Kb8 45. Bd7 Kb7 46. Bc6+
Ka7 47. g3 Kb8 48. Ka6 Kc8 49. Ka7 Kd8 50. Kb7 1-0

[Event "II. CLANSKA LIGA ZAHOD 2019"]
[Site "Komenda"]
[Date "2019.11.17"]
[Round "5.5"]
[White "Sirk, Matija"]
[Black "Kljucanin, Fahrudin"]
[Result "1-0"]
[WhiteElo "1322"]
[BlackElo "1960"]
[PlyCount "59"]
[EventDate "2019.11.17"]
[WhiteTeam "SD VRHNIKA"]
[BlackTeam "SD SIJ ACRONI JESENICE"]

1. e4 e6 2. d4 b6 3. Nc3 Bb7 4. Bd3 a6 5. Nge2 d6 6. O-O Nd7 7. Re1 Be7 8. Be3
Ngf6 9. h3 b5 10. f4 c5 11. e5 dxe5 12. fxe5 Nd5 13. Nxd5 Bxd5 14. c3 O-O 15.
Nf4 Bb7 16. Nh5 Bg5 17. Qg4 Bxe3+ 18. Rxe3 g6 19. Rf1 cxd4 20. cxd4 Rc8 21.
Nf6+ Kg7 22. Rg3 Rg8 23. Nxg8 Kxg8 24. h4 Bd5 25. h5 Nf8 26. hxg6 Nxg6 27. Bxg6
fxg6 28. Rf6 Rc7 29. Rxg6+ hxg6 30. Qxg6+ 1-0

[Event "II. CLANSKA LIGA ZAHOD 2019"]
[Site "Komenda"]
[Date "2019.11.17"]
[Round "5.6"]
[White "Kokalj, Janez"]
[Black "Sever, Gasper"]
[Result "1-0"]
[WhiteElo "1864"]
[BlackElo "1559"]
[PlyCount "131"]
[EventDate "2019.11.17"]
[WhiteTeam "SD SIJ ACRONI JESENICE"]
[BlackTeam "SD VRHNIKA"]

1. Nf3 Nc6 2. e4 e5 3. d4 exd4 4. Bc4 Bc5 5. c3 dxc3 6. Qb3 Qf6 7. Nxc3 Na5 8.
Nd5 Nxb3 9. Nxf6+ Nxf6 10. Bxb3 O-O 11. e5 Ne8 12. O-O d6 13. h3 h6 14. Nh4
dxe5 15. Ng6 Be6 16. Bxe6 fxe6 17. Nxf8 Kxf8 18. Be3 Bd4 19. Rab1 b6 20. Rfe1
Kf7 21. f4 Bxe3+ 22. Rxe3 exf4 23. Re4 g5 24. Rbe1 Ng7 25. Rd1 c5 26. b4 cxb4
27. Rxb4 Kf6 28. Rc4 Nf5 29. Rc7 a5 30. Rb7 Ra6 31. Rb1 Ra8 32. R7xb6 Ne3 33.
Rc6 Nd5 34. Rb5 Ne3 35. Rbb6 Nd5 36. Rxe6+ Kf5 37. Ra6 Nc7 38. Rxa8 Kxe6 39.
Rxa5 Nd5 40. Ra6+ Kf5 41. Rxh6 Nc3 42. Ra6 Ne2+ 43. Kf2 Nc3 44. a4 Ne4+ 45. Kg1
Ng3 46. a5 g4 47. hxg4+ Kxg4 48. Rg6+ Kh5 49. Rxg3 fxg3 50. a6 Kg5 51. a7 Kg4
52. a8=Q Kh4 53. Qa4+ Kg5 54. Kf1 Kh5 55. Qf4 Kg6 56. Qxg3+ Kf5 57. Kf2 Ke4 58.
Qf3+ Ke5 59. g4 Ke6 60. Qf5+ Ke7 61. g5 Ke8 62. Qh7 Kd8 63. Qf7 Kc8 64. g6 Kb8
65. g7 Kc8 66. g8=R# 1-0

[Event "II. CLANSKA LIGA ZAHOD 2019"]
[Site "Komenda"]
[Date "2019.11.17"]
[Round "5.1"]
[White "Trebusak, Anton"]
[Black "Sajn, Simon"]
[Result "0-1"]
[WhiteElo "1788"]
[BlackElo "2090"]
[PlyCount "60"]
[EventDate "2019.11.17"]
[WhiteTeam "SK KOMENDA"]
[BlackTeam "SK RIMEX ILIRSKA BISTRICA"]

1. d4 Nf6 2. Nf3 g6 3. g3 Bg7 4. Bg2 O-O 5. O-O d6 6. c4 c6 7. Nc3 Bf5 8. Re1
Ne4 9. Nxe4 Bxe4 10. Nh4 Bxg2 11. Nxg2 Qb6 12. e3 d5 13. c5 Qc7 14. Bd2 Nd7 15.
b4 e5 16. Bc3 b6 17. Rc1 b5 18. e4 Nf6 19. exd5 Nxd5 20. dxe5 Nxc3 21. Rxc3
Bxe5 22. Rf3 a5 23. a3 axb4 24. axb4 Ra1 25. Qe2 Rfa8 26. Rd3 Kg7 27. h4 R8a2
28. Rd2 Ra4 29. f4 Rxe1+ 30. Qxe1 Bc3 0-1

[Event "II. CLANSKA LIGA ZAHOD 2019"]
[Site "Komenda"]
[Date "2019.11.17"]
[Round "5.2"]
[White "Lakovic, Igor"]
[Black "Novakovic, Novica"]
[Result "1-0"]
[WhiteElo "1988"]
[BlackElo "1690"]
[PlyCount "109"]
[EventDate "2019.11.17"]
[WhiteTeam "SK RIMEX ILIRSKA BISTRICA"]
[BlackTeam "SK KOMENDA"]

1. Nf3 Nf6 2. c4 c5 3. Nc3 Nc6 4. d4 cxd4 5. Nxd4 Nxd4 6. Qxd4 e6 7. g3 Be7 8.
Bg2 O-O 9. O-O d6 10. b3 a6 11. Bb2 Rb8 12. a4 Bd7 13. Rfd1 Bc6 14. e4 Qc7 15.
Rac1 Rfd8 16. h3 Rd7 17. Qe3 Rbd8 18. Nd5 Bxd5 19. cxd5 Qb8 20. dxe6 fxe6 21.
Qb6 Kf7 22. Rd3 Ne8 23. Rf3+ Nf6 24. Rfc3 Ne8 25. Rf3+ Nf6 26. g4 Kg8 27. Rd3
Ne8 28. e5 Kf7 29. Re1 Qc7 30. Qe3 d5 31. Rc1 Qb8 32. f4 Rc8 33. Rxc8 Qxc8 34.
Bd4 Rc7 35. f5 h6 36. fxe6+ Qxe6 37. Bb6 Rc1+ 38. Kh2 Bg5 39. Qf2+ Kg6 40. Rxd5
Kh7 41. Be3 Bxe3 42. Qxe3 Rc7 43. Qd4 Rf7 44. Be4+ Kh8 45. Bf5 Qc6 46. Rd8 Re7
47. Qd6 Qf3 48. Qd4 Qe2+ 49. Kg3 Rxe5 50. Kh4 Re3 51. Kh5 Rxh3+ 52. Kg6 Qe7 53.
Qd6 Qg5+ 54. Kf7 Re3 55. Qf8# 1-0

[Event "II. CLANSKA LIGA ZAHOD 2019"]
[Site "Komenda"]
[Date "2019.11.17"]
[Round "5.3"]
[White "More, Erlend"]
[Black "Ursic, Aleksander"]
[Result "0-1"]
[WhiteElo "1576"]
[BlackElo "1900"]
[PlyCount "46"]
[EventDate "2019.11.17"]
[WhiteTeam "SK KOMENDA"]
[BlackTeam "SK RIMEX ILIRSKA BISTRICA"]

1. d4 Nf6 2. c4 e6 3. Nc3 Bb4 4. a3 Bxc3+ 5. bxc3 b6 6. Nf3 Ne4 7. g3 Bb7 8.
Qc2 O-O 9. Bg2 f5 10. O-O d6 11. Rd1 Nd7 12. d5 e5 13. Nd2 Nec5 14. e4 f4 15.
Bh3 fxg3 16. fxg3 Qe8 17. Re1 a5 18. Nb3 Ba6 19. Nxc5 Nxc5 20. Qe2 Qa4 21. Bf1
Rxf1+ 22. Rxf1 Bxc4 23. Qg2 Bd3 0-1

[Event "II. CLANSKA LIGA ZAHOD 2019"]
[Site "Komenda"]
[Date "2019.11.17"]
[Round "5.4"]
[White "Rolih, Miran"]
[Black "Perme, Martin"]
[Result "1-0"]
[WhiteElo "1880"]
[BlackElo "1489"]
[PlyCount "41"]
[EventDate "2019.11.17"]
[WhiteTeam "SK RIMEX ILIRSKA BISTRICA"]
[BlackTeam "SK KOMENDA"]

1. Nf3 c5 2. g3 d5 3. Bg2 Nf6 4. O-O e6 5. d3 Bd6 6. Nbd2 O-O 7. e4 dxe4 8.
dxe4 Be7 9. e5 Nd5 10. c3 Nc6 11. a4 b6 12. Qc2 Bb7 13. Re1 h5 14. Ne4 h4 15.
Neg5 g6 16. Nxe6 fxe6 17. Qxg6+ Kh8 18. Qh6+ Kg8 19. Re4 Kf7 20. Qh5+ Kg8 21.
Rg4+ 1-0

[Event "II. CLANSKA LIGA ZAHOD 2019"]
[Site "Komenda"]
[Date "2019.11.17"]
[Round "5.6"]
[White "Bradac, Simon"]
[Black "Macek, Inti"]
[Result "1-0"]
[WhiteElo "1471"]
[BlackElo "1194"]
[PlyCount "81"]
[EventDate "2019.11.17"]
[WhiteTeam "SK RIMEX ILIRSKA BISTRICA"]
[BlackTeam "SK KOMENDA"]

1. e4 e5 2. Nf3 Nc6 3. Bc4 Bc5 4. c3 Nf6 5. d3 O-O 6. h3 h6 7. Nbd2 d6 8. Nf1
Be6 9. Bb3 d5 10. Qe2 dxe4 11. dxe4 Qd6 12. Bc2 Nh5 13. g3 Qd7 14. Nxe5 Nxe5
15. Qxh5 Bd6 16. f4 Nc6 17. f5 Bc4 18. Bxh6 Bxf1 19. Kxf1 gxh6 20. f6 Be5 21.
Qxh6 Bxf6 22. Qxf6 Qe6 23. Qxe6 fxe6+ 24. Ke2 Rad8 25. Rhd1 Rc8 26. Bb3 Rf6 27.
Rf1 Rh6 28. Rf4 Re8 29. Rg4+ Kf7 30. h4 Ne5 31. Rf1+ Ke7 32. Rg7+ Kd6 33. Ba4
Rd8 34. Rd1+ Kc5 35. Rxd8 Kb6 36. Rc8 c6 37. Rb8 Rf6 38. Rbxb7+ Ka6 39. b4 Nc4
40. Rxa7+ Kb6 41. Rgb7# 1-0

[Event "II. CLANSKA LIGA ZAHOD 2019"]
[Site "Komenda"]
[Date "2019.11.17"]
[Round "5.1"]
[White "Mlacnik, Franc"]
[Black "Olenik Campa, Rudi"]
[Result "1-0"]
[WhiteElo "1991"]
[BlackElo "1997"]
[PlyCount "29"]
[EventDate "2019.11.17"]
[WhiteTeam "SS TZ PREVODI DVOJKA"]
[BlackTeam "SD DOMZALE TAJFUN 2"]

1. d4 Nf6 2. c4 g6 3. Nc3 Bg7 4. e4 d6 5. h3 O-O 6. Nge2 e5 7. d5 a5 8. g4 Ne8
9. Ng3 Na6 10. Be3 Nc5 11. Qd2 Bd7 12. Be2 c6 13. Bh6 Qf6 14. Bg5 Bh6 15. Bxh6
1-0

[Event "II. CLANSKA LIGA ZAHOD 2019"]
[Site "Komenda"]
[Date "2019.11.17"]
[Round "5.2"]
[White "Osolin, Bogdan"]
[Black "Logar, Metod"]
[Result "1/2-1/2"]
[WhiteElo "1976"]
[BlackElo "1982"]
[PlyCount "60"]
[EventDate "2019.11.17"]
[WhiteTeam "SD DOMZALE TAJFUN 2"]
[BlackTeam "SS TZ PREVODI DVOJKA"]

1. e4 e5 2. Nf3 Nc6 3. Bc4 Bc5 4. c3 Nf6 5. d4 exd4 6. cxd4 Bb4+ 7. Bd2 Bxd2+
8. Nbxd2 d5 9. exd5 Nxd5 10. Ne5 Nxe5 11. dxe5 O-O 12. O-O Be6 13. Ne4 Qe7 14.
Bxd5 Rfd8 15. Nc3 c6 16. Re1 Bxd5 17. Qe2 Qe6 18. Rad1 Qe7 19. Ra1 Qe6 20. Rad1
Qe7 21. Nxd5 Rxd5 22. Rxd5 cxd5 23. Qd2 Rd8 24. Qd4 b6 25. b4 Qc7 26. Rd1 h6
27. h3 Qc6 28. a3 Rd7 29. Rd2 Rd8 30. Kh2 Kh7 1/2-1/2

[Event "II. CLANSKA LIGA ZAHOD 2019"]
[Site "Komenda"]
[Date "2019.11.17"]
[Round "5.3"]
[White "Muri, Emil"]
[Black "Borstar, Dusan"]
[Result "1/2-1/2"]
[WhiteElo "1816"]
[BlackElo "1746"]
[PlyCount "67"]
[EventDate "2019.11.17"]
[WhiteTeam "SS TZ PREVODI DVOJKA"]
[BlackTeam "SD DOMZALE TAJFUN 2"]

1. e4 c6 2. d3 e5 3. Nf3 Qc7 4. Nbd2 Nf6 5. g3 Bc5 6. Bg2 O-O 7. O-O b5 8. a4
Bb7 9. Nb3 Be7 10. axb5 cxb5 11. Na5 Bc8 12. Re1 Bb4 13. Nb3 Bxe1 14. Qxe1 d6
15. h3 Be6 16. Qc3 Qxc3 17. bxc3 Nc6 18. Ra6 Rac8 19. Bd2 h6 20. Nh4 Rc7 21.
Nf5 Bxf5 22. exf5 d5 23. g4 Nb8 24. Ra5 a6 25. Ra2 Rfc8 26. d4 e4 27. Nc5 Rc6
28. f3 exf3 29. Bxf3 Rxc5 30. dxc5 Rxc5 31. h4 Nfd7 32. Kf2 f6 33. Kg3 Ne5 34.
Bd1 1/2-1/2

[Event "II. CLANSKA LIGA ZAHOD 2019"]
[Site "Komenda"]
[Date "2019.11.17"]
[Round "5.4"]
[White "Kosanovic, Aleksander"]
[Black "Markun, Ozbej"]
[Result "0-1"]
[WhiteElo "1287"]
[BlackElo "1476"]
[PlyCount "90"]
[EventDate "2019.11.17"]
[WhiteTeam "SD DOMZALE TAJFUN 2"]
[BlackTeam "SS TZ PREVODI DVOJKA"]

1. e4 e5 2. Nf3 Nc6 3. Bb5 a6 4. Ba4 Nf6 5. O-O b5 6. Bb3 Be7 7. d3 O-O 8. Re1
d6 9. c3 Nb8 10. d4 Nbd7 11. Bg5 Bb7 12. Bc2 h6 13. Bh4 Re8 14. Bg3 Bf8 15.
Nbd2 c5 16. dxc5 dxc5 17. c4 Qb6 18. Qb1 Nh5 19. b3 Nxg3 20. hxg3 Nf6 21. Qb2
Qe6 22. cxb5 axb5 23. Nb1 Rac8 24. a4 Ba6 25. Nc3 b4 26. Nd5 Bd6 27. Nxf6+ Qxf6
28. Rad1 c4 29. bxc4 Bxc4 30. Bd3 Qe6 31. Bxc4 Rxc4 32. Rd5 Rxe4 33. Red1 Rd4
34. R5xd4 exd4 35. Nxd4 Qd5 36. Qb3 Qc5 37. Nb5 Bf8 38. g4 Re6 39. Rd5 Re1+ 40.
Kh2 Qxf2 41. Rd3 Qh4+ 42. Rh3 Qxg4 43. Rg3 Qd1 44. Qxd1 Rxd1 45. Rb3 Ra1 0-1

[Event "II. CLANSKA LIGA ZAHOD 2019"]
[Site "Komenda"]
[Date "2019.11.17"]
[Round "5.5"]
[White "Bobnar, Samo"]
[Black "Klander, Ales"]
[Result "1-0"]
[WhiteElo "1409"]
[BlackElo "1683"]
[PlyCount "105"]
[EventDate "2019.11.17"]
[WhiteTeam "SS TZ PREVODI DVOJKA"]
[BlackTeam "SD DOMZALE TAJFUN 2"]

1. e4 c5 2. Nc3 Nc6 3. f4 g6 4. d3 Bg7 5. g3 e6 6. Bg2 Nge7 7. Nf3 O-O 8. O-O
d5 9. e5 Nf5 10. Ne2 b5 11. c3 Rb8 12. g4 Nh4 13. Nxh4 Qxh4 14. Ng3 Bb7 15. g5
h6 16. Be3 hxg5 17. Bxc5 Rfd8 18. Bf2 gxf4 19. Nf5 Qg5 20. Nxg7 Kxg7 21. d4 Ne7
22. Qf3 Nf5 23. Be1 Ne3 24. Rf2 Nxg2 25. Rxg2 Qf5 26. Bh4 Rg8 27. Bf6+ Kf8 28.
Rg4 g5 29. Rf1 Qe4 30. h4 Qxf3 31. Rxf3 gxh4 32. Rxg8+ Kxg8 33. Rxf4 Kh7 34.
Rxh4+ Kg6 35. Rg4+ Kh6 36. Rg7 Rf8 37. Kf2 a5 38. a3 b4 39. axb4 axb4 40. cxb4
Ba6 41. Ke3 Bc4 42. Rg2 Rb8 43. Be7 Rb7 44. Bf8+ Kh5 45. Kf4 f5 46. Rh2+ Kg6
47. Rh6+ Kf7 48. Rh7+ Kxf8 49. Rxb7 Ke8 50. b5 Kd8 51. b6 Bb5 52. Rg7 Kc8 53.
Re7 1-0

[Event "II. CLANSKA LIGA ZAHOD 2019"]
[Site "Komenda"]
[Date "2019.11.17"]
[Round "5.6"]
[White "Kosanovic, Dusan"]
[Black "Rogelj, Tomaz"]
[Result "0-1"]
[WhiteElo "1496"]
[BlackElo "1765"]
[PlyCount "62"]
[EventDate "2019.11.17"]
[WhiteTeam "SD DOMZALE TAJFUN 2"]
[BlackTeam "SS TZ PREVODI DVOJKA"]

1. d4 Nf6 2. Bg5 e6 3. c4 Be7 4. Nc3 d5 5. e3 O-O 6. Nf3 c5 7. dxc5 Bxc5 8.
cxd5 exd5 9. Bxf6 Qxf6 10. Qxd5 Bb4 11. Qb3 Nc6 12. a3 Be6 13. Bc4 Bxc3+ 14.
bxc3 Na5 15. Qb4 Nxc4 16. O-O b6 17. Rfd1 Rfd8 18. Nd4 Ne5 19. Rd2 Qg6 20. Rad1
h6 21. Qe7 Rxd4 22. Rxd4 Nf3+ 23. Kf1 Nxd4 24. cxd4 Qc2 25. Ra1 Qb2 26. Re1 Rc8
27. Qb4 Qa2 28. Rb1 Rc2 29. Qe1 Rxf2+ 30. Qxf2 Qxb1+ 31. Qe1 Qd3+ 0-1

[Event "II. CLANSKA LIGA ZAHOD 2019"]
[Site "Komenda"]
[Date "2019.11.17"]
[Round "5.1"]
[White "Persl, Bojan"]
[Black "Krupenko, Peter"]
[Result "1/2-1/2"]
[WhiteElo "2097"]
[BlackElo "1893"]
[PlyCount "150"]
[EventDate "2019.11.17"]
[WhiteTeam "SK LJUBLJANA"]
[BlackTeam "SK TRZIN"]

1. e4 e5 2. Nf3 Nf6 3. Nxe5 d6 4. Nf3 Nxe4 5. d4 d5 6. Bd3 Be7 7. O-O O-O 8.
Re1 Bf5 9. c3 Nd6 10. Bf1 c6 11. Bf4 Re8 12. Nbd2 Nd7 13. Qb3 b6 14. h3 Ne4 15.
Rad1 Bd6 16. Bxd6 Nxd6 17. g4 Bg6 18. Bg2 b5 19. Rxe8+ Nxe8 20. Re1 Nc7 21. Qa3
Qf8 22. Qa5 Ne6 23. a4 a6 24. Ra1 Qd8 25. axb5 Qxa5 26. Rxa5 cxb5 27. Ne5 Nxe5
28. dxe5 Nc7 29. f4 f5 30. Nb3 Kf8 31. Nc5 Ke7 32. Kf2 Ra7 33. Ke3 h5 34. Bf3
hxg4 35. hxg4 fxg4 36. Bxg4 Bf7 37. f5 Be8 38. Kf4 b4 39. Be2 bxc3 40. bxc3 Nb5
41. Rxa6 Rxa6 42. Nxa6 Nxc3 43. Bf3 d4 44. Nb4 Bb5 45. Nc6+ Bxc6 46. Bxc6 Ne2+
47. Kf3 d3 48. Be4 Nd4+ 49. Ke3 d2 50. Kxd2 Nb5 51. Ke3 Nc7 52. Kf4 Kf7 53. Kg5
Nb5 54. Bd5+ Ke7 55. Bc4 Nd4 56. Bd5 Ke8 57. Kg6 Kf8 58. Be4 Ne2 59. e6 Nd4 60.
Bd3 Nf3 61. Bb5 Nd4 62. Bd7 Ke7 63. Kg5 Nb3 64. Bc8 Nd4 65. Kg6 Kf8 66. Ba6 Ke7
67. Bc4 Kf8 68. Bd3 Nf3 69. e7+ Kxe7 70. Kxg7 Ne5 71. f6+ Ke8 72. Bb5+ Kd8 73.
Kf8 Ng6+ 74. Kf7 Nf4 75. Bc4 Nh5 1/2-1/2

[Event "II. CLANSKA LIGA ZAHOD 2019"]
[Site "Komenda"]
[Date "2019.11.17"]
[Round "5.2"]
[White "Rojs, Igor"]
[Black "Zmavc, Mark"]
[Result "1/2-1/2"]
[WhiteElo "1995"]
[BlackElo "1839"]
[PlyCount "60"]
[EventDate "2019.11.17"]
[WhiteTeam "SK TRZIN"]
[BlackTeam "SK LJUBLJANA"]

1. d4 d5 2. Nf3 Nf6 3. c4 c6 4. e3 e6 5. Nc3 Nbd7 6. Bd3 dxc4 7. Bxc4 b5 8. Bd3
Bb7 9. O-O Bd6 10. b3 a6 11. e4 e5 12. dxe5 Nxe5 13. Nxe5 Bxe5 14. Bb2 O-O 15.
Qe2 Qc7 16. h3 Rad8 17. Rad1 c5 18. Rfe1 Rfe8 19. Qf3 c4 20. bxc4 bxc4 21. Bb1
Rxd1 22. Qxd1 Qa5 23. Qc1 Bc6 24. Kf1 Qc7 25. Kg1 Qa5 26. Kf1 Qc7 27. Kg1 Qa5
28. Kf1 Qc7 29. Kg1 Qa5 30. Kf1 Qc7 1/2-1/2

[Event "II. CLANSKA LIGA ZAHOD 2019"]
[Site "Komenda"]
[Date "2019.11.17"]
[Round "5.3"]
[White "Topolovec, Vid"]
[Black "Suhadolnik, Jernej"]
[Result "1/2-1/2"]
[WhiteElo "1775"]
[BlackElo "1863"]
[PlyCount "66"]
[EventDate "2019.11.17"]
[WhiteTeam "SK LJUBLJANA"]
[BlackTeam "SK TRZIN"]

1. e4 a6 2. b3 b5 3. Bb2 Bb7 4. Bd3 c5 5. Qe2 Nc6 6. c3 Ne5 7. Bc2 c4 8. Nf3
Nxf3+ 9. Qxf3 Nf6 10. d3 e5 11. Nd2 cxd3 12. Bxd3 d5 13. O-O Bc5 14. exd5 Qxd5
15. Qxd5 Nxd5 16. Rfe1 f6 17. Ne4 Be7 18. c4 Nb4 19. Bb1 bxc4 20. bxc4 O-O-O
21. Bc3 Rd7 22. c5 Nd3 23. Re3 Nxc5 24. Nd2 g6 25. Bc2 Rhd8 26. Nc4 Kb8 27. Ba5
Re8 28. Rb1 Rd4 29. Nb6 Ka7 30. Bc3 Rd6 31. Na4 Rc6 32. Ba5 Rec8 33. Bb6+ Ka8
1/2-1/2

[Event "II. CLANSKA LIGA ZAHOD 2019"]
[Site "Komenda"]
[Date "2019.11.17"]
[Round "5.5"]
[White "Babic, Miroslav"]
[Black "Bajec, Borut"]
[Result "0-1"]
[WhiteElo "1695"]
[BlackElo "1742"]
[PlyCount "68"]
[EventDate "2019.11.17"]
[WhiteTeam "SK LJUBLJANA"]
[BlackTeam "SK TRZIN"]

1. e4 c5 2. Nf3 d6 3. Bc4 Nc6 4. a3 Nf6 5. d3 Bg4 6. Bb5 Qa5+ 7. Nc3 e6 8. Bd2
a6 9. Bxc6+ bxc6 10. Nd5 Qd8 11. Ne3 Bh5 12. h3 Bxf3 13. Qxf3 Qb6 14. b3 Be7
15. Bc3 O-O 16. Ng4 e5 17. Ne3 g6 18. g4 Qd8 19. h4 Ne8 20. Qh3 Ng7 21. h5 g5
22. h6 Ne6 23. Nf5 Bf6 24. Qf3 Nf4 25. Ng3 Ra7 26. Nh5 Rd7 27. a4 Qe7 28. O-O-O
Rb8 29. Rde1 Re8 30. Rh2 Kh8 31. Nxf4 exf4 32. e5 Bxe5 33. Qxc6 f6 34. Bxe5
dxe5 {nejasno (59)} 0-1